000 00508 a2200157 4500
005 20250609113751.0
020 _a978=1-84152-562-4
082 _aLECT 658.1 ICA
111 _aICAEW
245 _aBusiness and Finance Study Manual : ACA Professional Stage Knowledge Level, For Exams in 2009.
250 _a2nd Ed.
260 _aEngland,
_bICAEW,
_c2008.
300 _axxvii, 506p.: ill.; figure, picture
_bIndex
_c29cm.
856 _yAccess Online Book
_fBusiness and Finance
_dwww.icaew.com
942 _2ddc
_cBKS
999 _c2930
_d2930